00271nam a2200109Ia 4500008004100000041000800041082002100049100001500070245003000085260003700115300000900152230411s9999 xx 000 0 und d aeng aX/891/BHA/B07323 aBhagat R T aHasat Jagawa Jagat Hasawa bRiya PublicationaKolhapurc2012 a128p